Delhi Electric Supply Enquiry Committee 1936: report (Record no. 489846)

000 -LEADER
fixed length control field 00457cam a22001337a 4500
008 - FIXED-LENGTH DATA ELEMENTS--GENERAL INFORMATION
fixed length control field 180718b1937 xxu||||| |||| 00| 0 eng d
082 ## - DEWEY DECIMAL CLASSIFICATION NUMBER
Classification number V5x5461 In2/1936
100 ## - MAIN ENTRY--PERSONAL NAME
Personal name India. Electric Supply Enquiry Committee
245 ## - TITLE STATEMENT
Title Delhi Electric Supply Enquiry Committee 1936: report
Statement of responsibility, etc. Electric Supply Enquiry Committee
260 ## - PUBLICATION, DISTRIBUTION, ETC.
Place of publication, distribution, etc. New Delhi
Name of publisher, distributor, etc. The author
Date of publication, distribution, etc. 1937
300 ## - PHYSICAL DESCRIPTION
Extent 91+p.
500 ## - GENERAL NOTE
General note Chairman: James Pitkeathly
700 ## - ADDED ENTRY--PERSONAL NAME
Personal name Pitkeathly, James (Chairman)
Holdings
Withdrawn status Lost status Damaged status Not for loan Permanent Location Current Location Date acquired Full call number Barcode Date last seen Price effective from Koha item type
        Indian Institute of Public Administration Indian Institute of Public Administration 2018-08-04 V5x5461 In2/1936 GG2601 2018-08-04 2018-08-04 GG

Powered by Koha